Expresívny živel v Hečkovom románe Červené víno

Bibliographic Details
Main Author: Miko, František, 1920-2010 (Author)
Format: Article
Language:Slovak
PhysicalDescription:Sch., tab.
Subjects:

MARC

LEADER 00000naa a2200000 ar4500
001 vtls009089885
003 SK-MaSNL
005 20260302100401.0
008 070830c1965 xo |||| ||| 000 b|slo
015 |a SNBRA2007/08  |2 snkbucl 
038 |a SNKBUCL 
040 |a SNKBUCL  |b slo  |c SNKBUCL  |e AACR2 
041 0 |a slo 
044 |a xo  |c SK 
080 |a 81`38:821.162.4-31  |2 2001 
080 |a 811.162.4`38:821.162.4-31  |2 2001 
080 |a 82.033:821.162.4-31  |2 2001 
080 |a 821.162.4-31.033  |2 2001 
080 |a 82.0:801.6  |2 2001 
100 1 |a Miko, František,  |d 1920-2010  |4 aut  |9 198912 
245 1 0 |a Expresívny živel v Hečkovom románe Červené víno  |c František Miko 
300 |b Sch., tab. 
504 |a Bibliogr. odkazy 
600 1 7 |a Hečko, František,  |d 1905-1960  |t Červené víno  |2 snkbucl  |9 99150 
650 0 7 |a slovenská próza  |x jazyk a štýl  |2 snkbucl  |9 770979 
655 7 |a štúdie  |2 snkbucl  |9 57033 
773 0 |t Z historickej poetiky. II. [Litteraria. VIII]  |d Bratislava : Vydavateľstvo Slovenskej akadémie vied, 1965  |g S. 24-75 
852 |a SNK  |b KIS3GCP 
958 |a LX 
958 |a NB 
958 |a SK 
999 |c 1220007  |d 1221937